[Event "George Trundle NZ Reserves 2017"]
[Site "Auckland, NZL"]
[Date "2017.10.08"]
[Round "9.1"]
[White "Meng, Richard"]
[Black "Braganza, Nadia"]
[Result "1-0"]
[BlackElo "1517"]
[WhiteElo "1646"]
[LiveChessVersion "1.4.8"]

1. c4 {[%clk 1:30:52]} Nf6 {[%clk 1:30:47]} 2. Nc3 {[%clk 1:30:56]} g6
{[%clk 1:30:45]} 3. g3 {[%clk 1:30:41]} Bg7 {[%clk 1:30:43]} 4. Bg2
{[%clk 1:30:23]} O-O {[%clk 1:30:40]} 5. d3 {[%clk 1:29:58]} Nc6 {[%clk 1:30:28]}
6. Nf3 {[%clk 1:29:43]} d6 {[%clk 1:30:23]} 7. O-O {[%clk 1:28:55]} e5
{[%clk 1:30:12]} 8. Rb1 {[%clk 1:28:23]} a5 {[%clk 1:29:49]} 9. a3
{[%clk 1:28:03]} Re8 {[%clk 1:29:09]} 10. b4 {[%clk 1:27:17]} axb4
{[%clk 1:28:41]} 11. axb4 {[%clk 1:27:26]} e4 {[%clk 1:28:05]} 12. Nd2
{[%clk 1:20:57]} exd3 {[%clk 1:22:38]} 13. exd3 {[%clk 1:21:06]} Nd7
{[%clk 1:05:17]} 14. Bb2 {[%clk 1:20:17]} Nde5 {[%clk 1:04:44]} 15. b5
{[%clk 1:06:24]} Nb4 {[%clk 0:54:10]} 16. d4 {[%clk 1:04:14]} Ned3
{[%clk 0:46:51]} 17. Nb3 {[%clk 0:57:27]} c6 {[%clk 0:36:25]} 18. bxc6
{[%clk 0:56:40]} Nxb2 {[%clk 0:34:10]} 19. Rxb2 {[%clk 0:54:55]} Nxc6
{[%clk 0:33:39]} 20. Qd2 {[%clk 0:52:19]} Qe7 {[%clk 0:22:20]} 21. Nd5
{[%clk 0:50:16]} Qd8 {[%clk 0:20:18]} 22. Rbb1 {[%clk 0:46:49]} Ne7
{[%clk 0:18:48]} 23. Rfe1 {[%clk 0:44:58]} Nxd5 {[%clk 0:17:56]} 24. Rxe8+
{[%clk 0:45:03]} Qxe8 {[%clk 0:18:12]} 25. Bxd5 {[%clk 0:45:14]} Bf5
{[%clk 0:17:22]} 26. Re1 {[%clk 0:44:46]} Qa4 {[%clk 0:16:15]} 27. Ra1
{[%clk 0:41:39]} Qe8 {[%clk 0:15:56]} 28. Rxa8 {[%clk 0:41:44]} Qxa8
{[%clk 0:16:15]} 29. Qb4 {[%clk 0:41:38]} Qa2 {[%clk 0:14:38]} 30. Qxb7
{[%clk 0:40:10]} Qb1+ {[%clk 0:13:34]} 31. Kg2 {[%clk 0:40:33]} Be6
{[%clk 0:10:58]} 32. Bxe6 {[%clk 0:39:53]} fxe6 {[%clk 0:11:15]} 33. c5
{[%clk 0:38:38]} d5 {[%clk 0:10:40]} 34. Qc8+ {[%clk 0:37:29]} Kf7
{[%clk 0:10:46]} 35. Qd7+ {[%clk 0:37:47]} Kf6 {[%clk 0:09:58]} 36. Nd2
{[%clk 0:38:02]} Qd3 {[%clk 0:09:10]} 37. Nf3 {[%clk 0:38:25]} h6
{[%clk 0:08:18]} 38. c6 {[%clk 0:34:10]} g5 {[%clk 0:07:43]} 39. h3
{[%clk 0:33:26]} Qc3 {[%clk 0:06:04]} 40. Ne5 {[%clk 1:02:42]} Kf5
{[%clk 0:35:13]} 41. Qxg7 {[%clk 1:00:47]} Ke4 {[%clk 0:35:15]} 42. c7
{[%clk 0:59:58]} Qxd4 {[%clk 0:34:50]} 43. f3+ {[%clk 0:58:49]} Ke3
{[%clk 0:34:55]} 44. Ng4+ {[%clk 0:59:11]} Kd3 {[%clk 0:35:07]} 45. Qxd4+
{[%clk 0:59:36]} Kxd4 {[%clk 0:35:28]} 46. c8=Q {[%clk 0:59:58]} e5
{[%clk 0:35:47]} 47. Nxh6 {[%clk 0:58:54]} Kd3 {[%clk 0:35:59]} 48. Qc5
{[%clk 0:58:57]} d4 {[%clk 0:36:19]} 49. Qxe5 {[%clk 0:59:04]} Kc3
{[%clk 0:36:35]} 50. Nf5 {[%clk 0:59:28]} Kc2 {[%clk 0:36:55]} 51. Qxd4
{[%clk 0:59:46]} Kb3 {[%clk 0:37:16]} 52. Ne3 {[%clk 1:00:05]} g4
{[%clk 0:37:29]} 53. Qc4+ {[%clk 1:00:21]} Kb2 {[%clk 0:37:51]} 54. Nd1+
{[%clk 1:00:25]} Kb1 {[%clk 0:38:05]} 55. Qc3 {[%clk 1:00:44]} Ka2
{[%clk 0:38:27]} 56. Qb2# {[%clk 1:00:36]} 1-0

[Event "George Trundle NZ Reserves 2017"]
[Site "Auckland, NZL"]
[Date "2017.10.08"]
[Round "9.2"]
[White "Peak, Stephen"]
[Black "Qin, Nicole Shu Yu"]
[Result "0-1"]
[BlackElo "1547"]
[WhiteElo "1670"]
[LiveChessVersion "1.4.8"]

1. e4 {[%clk 1:30:06]} e6 {[%clk 1:30:52]} 2. d4 {[%clk 1:29:41]} d5
{[%clk 1:31:14]} 3. e5 {[%clk 1:30:04]} c5 {[%clk 1:31:38]} 4. c3
{[%clk 1:30:16]} Nc6 {[%clk 1:32:01]} 5. Nf3 {[%clk 1:30:36]} Qb6
{[%clk 1:30:45]} 6. a3 {[%clk 1:30:20]} c4 {[%clk 1:31:08]} 7. Be2
{[%clk 1:28:02]} Bd7 {[%clk 1:29:01]} 8. O-O {[%clk 1:27:29]} Nge7
{[%clk 1:26:45]} 9. Nbd2 {[%clk 1:24:58]} Na5 {[%clk 1:25:16]} 10. Rb1
{[%clk 1:16:07]} Qc7 {[%clk 1:13:19]} 11. Qe1 {[%clk 1:08:26]} Ba4
{[%clk 1:09:53]} 12. Bd1 {[%clk 1:07:36]} Bxd1 {[%clk 1:08:34]} 13. Qxd1
{[%clk 1:08:04]} a6 {[%clk 1:05:23]} 14. Re1 {[%clk 1:05:53]} Ng6
{[%clk 1:04:13]} 15. Nf1 {[%clk 1:02:25]} Be7 {[%clk 0:58:49]} 16. Ng3
{[%clk 0:57:02]} O-O {[%clk 0:55:54]} 17. Ng5 {[%clk 0:51:49]} Nb3
{[%clk 0:50:18]} 18. Be3 {[%clk 0:50:36]} b5 {[%clk 0:48:34]} 19. Qg4
{[%clk 0:45:28]} Qd7 {[%clk 0:37:04]} 20. Qd1 {[%clk 0:33:35]} a5
{[%clk 0:36:58]} 21. Nf3 {[%clk 0:33:19]} b4 {[%clk 0:36:11]} 22. axb4
{[%clk 0:31:56]} axb4 {[%clk 0:36:34]} 23. Nd2 {[%clk 0:28:31]} Nxd2
{[%clk 0:31:57]} 24. Bxd2 {[%clk 0:28:16]} Rab8 {[%clk 0:30:06]} 25. Ra1
{[%clk 0:22:20]} bxc3 {[%clk 0:24:35]} 26. bxc3 {[%clk 0:22:15]} Rb3
{[%clk 0:25:02]} 27. Ne2 {[%clk 0:19:40]} Rfb8 {[%clk 0:23:44]} 28. Bc1
{[%clk 0:14:10]} Qb7 {[%clk 0:16:52]} 29. g3 {[%clk 0:12:40]} Ra8
{[%clk 0:15:21]} 30. Rxa8+ {[%clk 0:12:38]} Qxa8 {[%clk 0:15:46]} 31. Qc2
{[%clk 0:12:12]} Nf8 {[%clk 0:13:24]} 32. Bd2 {[%clk 0:09:13]} Qb7
{[%clk 0:09:34]} 33. Kg2 {[%clk 0:06:53]} Nd7 {[%clk 0:09:01]} 34. f4
{[%clk 0:06:53]} f6 {[%clk 0:08:44]} 35. Bc1 {[%clk 0:06:05]} fxe5
{[%clk 0:08:23]} 36. fxe5 {[%clk 0:06:26]} Nxe5 {[%clk 0:06:34]} 37. Nf4
{[%clk 0:04:48]} Nd7 {[%clk 0:04:01]} 38. Rxe6 {[%clk 0:04:37]} Nf6
{[%clk 0:03:18]} 39. Re2 {[%clk 0:02:44]} Ne4 {[%clk 0:02:56]} 40. Re3
{[%clk 0:32:18]} Bg5 {[%clk 0:31:40]} 41. Rf3 {[%clk 0:30:00]} Bxf4
{[%clk 0:30:49]} 42. gxf4 {[%clk 0:26:24]} Qa6 {[%clk 0:30:27]} 43. f5
{[%clk 0:25:45]} Qa1 {[%clk 0:29:41]} 44. f6 {[%clk 0:25:27]} Nxf6
{[%clk 0:27:25]} 45. Qf5 {[%clk 0:22:59]} Qa6 {[%clk 0:23:32]} 46. Bg5
{[%clk 0:21:23]} Rb2+ {[%clk 0:19:34]} 47. Kh3 {[%clk 0:20:54]} Qd6
{[%clk 0:16:37]} 48. Bf4 {[%clk 0:19:10]} Qd7 {[%clk 0:15:27]} 49. Qxd7
{[%clk 0:17:37]} Nxd7 {[%clk 0:15:52]} 50. Bd6 {[%clk 0:14:25]} Rb6
{[%clk 0:13:15]} 51. Bb4 {[%clk 0:13:49]} Nf6 {[%clk 0:11:37]} 52. Kg2
{[%clk 0:11:59]} Re6 {[%clk 0:11:18]} 53. Kh3 {[%clk 0:10:26]} g6
{[%clk 0:11:30]} 54. Kg2 {[%clk 0:10:16]} Ne4 {[%clk 0:09:20]} 55. Rf8+
{[%clk 0:09:02]} Kg7 {[%clk 0:09:45]} 56. Rd8 {[%clk 0:09:19]} Nf6
{[%clk 0:09:27]} 57. Bd6 {[%clk 0:07:46]} Re8 {[%clk 0:08:42]} 58.
Rxe8 {[%clk 0:06:55]} Nxe8 {[%clk 0:09:07]} 59. Be5+ {[%clk 0:07:06]} Nf6
{[%clk 0:09:06]} 60. Kf3 {[%clk 0:06:53]} Kf7 {[%clk 0:09:09]} 61. Kf4
{[%clk 0:05:08]} Ne4 {[%clk 0:09:22]} 62. h4 {[%clk 0:04:31]} Nxc3
{[%clk 0:09:10]} 63. Kg5 {[%clk 0:04:51]} Ne2 {[%clk 0:08:46]} 0-1

[Event "George Trundle NZ Reserves 2017"]
[Site "Auckland, NZL"]
[Date "2017.10.08"]
[Round "9.3"]
[White "Ha, Huy Minh (Timothy)"]
[Black "Carpinter, Bernard"]
[Result "1-0"]
[BlackElo "1860"]
[WhiteElo "1690"]
[LiveChessVersion "1.4.8"]

1. d4 {[%clk 1:30:54]} Nf6 {[%clk 1:30:53]} 2. Bf4 {[%clk 1:31:13]} e6
{[%clk 1:31:07]} 3. Nf3 {[%clk 1:31:29]} c5 {[%clk 1:31:04]} 4. e3
{[%clk 1:28:16]} cxd4 {[%clk 1:31:27]} 5. exd4 {[%clk 1:28:25]} Be7
{[%clk 1:31:47]} 6. Bd3 {[%clk 1:27:18]} O-O {[%clk 1:32:06]} 7. O-O
{[%clk 1:27:34]} b6 {[%clk 1:32:27]} 8. Nbd2 {[%clk 1:25:41]} Ba6
{[%clk 1:32:28]} 9. Bxa6 {[%clk 1:25:43]} Nxa6 {[%clk 1:32:51]} 10. c3
{[%clk 1:22:24]} Rc8 {[%clk 1:29:21]} 11. Qa4 {[%clk 1:20:09]} Nc7
{[%clk 1:28:49]} 12. Qxa7 {[%clk 1:09:21]} Ncd5 {[%clk 1:28:03]} 13. Bg3
{[%clk 1:09:05]} Ra8 {[%clk 1:27:32]} 14. Qb7 {[%clk 1:09:12]} d6
{[%clk 1:26:12]} 15. Qc6 {[%clk 1:07:33]} Nh5 {[%clk 1:24:16]} 16. Qc4
{[%clk 1:05:05]} Nxg3 {[%clk 1:24:27]} 17. hxg3 {[%clk 1:05:34]} Qd7
{[%clk 1:23:31]} 18. Qd3 {[%clk 1:02:55]} Ra7 {[%clk 1:22:00]} 19. a3
{[%clk 0:58:55]} f5 {[%clk 1:19:42]} 20. c4 {[%clk 0:53:26]} Nc7 {[%clk 1:18:41]}
21. Rac1 {[%clk 0:46:08]} Rf6 {[%clk 1:16:49]} 22. Rfe1 {[%clk 0:41:28]} Rh6
{[%clk 1:16:54]} 23. Kf1 {[%clk 0:39:41]} g5 {[%clk 1:16:19]} 24. Qe3
{[%clk 0:30:21]} Bf6 {[%clk 1:16:03]} 25. Nxg5 {[%clk 0:22:34]} Qg7
{[%clk 1:15:44]} 26. Ngf3 {[%clk 0:21:01]} Qg4 {[%clk 1:12:13]} 27. Qxh6
{[%clk 0:19:51]} 1-0

[Event "George Trundle NZ Reserves 2017"]
[Site "Auckland, NZL"]
[Date "2017.10.08"]
[Round "9.4"]
[White "Qin, Oscar Shu Xuan"]
[Black "Nagorski, Alex"]
[Result "0-1"]
[BlackElo "1843"]
[WhiteElo "1415"]
[LiveChessVersion "1.4.8"]

1. e4 {[%clk 1:30:58]} c5 {[%clk 1:30:43]} 2. Nf3 {[%clk 1:31:09]} d6
{[%clk 1:31:08]} 3. d4 {[%clk 1:31:34]} cxd4 {[%clk 1:31:34]} 4. Nxd4
{[%clk 1:32:01]} Nf6 {[%clk 1:31:57]} 5. Nc3 {[%clk 1:32:26]} g6 {[%clk 1:32:06]}
6. Be3 {[%clk 1:32:48]} Bg7 {[%clk 1:32:31]} 7. f3 {[%clk 1:33:08]} O-O
{[%clk 1:32:54]} 8. Qd2 {[%clk 1:32:48]} Nc6 {[%clk 1:33:18]} 9. Bc4
{[%clk 1:33:13]} Bd7 {[%clk 1:33:44]} 10. O-O-O {[%clk 1:32:38]} Rc8
{[%clk 1:34:00]} 11. Bb3 {[%clk 1:33:03]} Ne5 {[%clk 1:34:26]} 12. Kb1
{[%clk 1:33:27]} Nc4 {[%clk 1:34:42]} 13. Bxc4 {[%clk 1:33:49]} Rxc4
{[%clk 1:35:07]} 14. Qd3 {[%clk 1:33:49]} Rc8 {[%clk 1:29:47]} 15. g4
{[%clk 1:33:45]} a6 {[%clk 1:20:02]} 16. Qd2 {[%clk 1:31:48]} b5 {[%clk 1:18:50]}
17. Bh6 {[%clk 1:31:51]} b4 {[%clk 1:19:08]} 18. Nce2 {[%clk 1:32:05]} Qa5
{[%clk 1:10:10]} 19. Nb3 {[%clk 1:31:51]} Bxh6 {[%clk 1:09:08]} 20. Qxh6
{[%clk 1:32:12]} Qc7 {[%clk 1:09:21]} 21. Rc1 {[%clk 1:29:25]} d5
{[%clk 1:06:08]} 22. g5 {[%clk 1:28:43]} Nh5 {[%clk 1:02:17]} 23. exd5
{[%clk 1:22:19]} Ng7 {[%clk 0:59:37]} 24. Ng3 {[%clk 1:20:03]} a5
{[%clk 0:56:45]} 25. c3 {[%clk 1:16:55]} bxc3 {[%clk 0:50:42]} 26. Rxc3
{[%clk 1:17:15]} Qe5 {[%clk 0:47:44]} 27. Rxc8 {[%clk 1:14:35]} Rxc8
{[%clk 0:47:53]} 28. Qh4 {[%clk 1:14:16]} Qxd5 {[%clk 0:43:30]} 29. Qd4
{[%clk 1:13:26]} Qxd4 {[%clk 0:35:05]} 30. Nxd4 {[%clk 1:13:35]} e5
{[%clk 0:35:22]} 31. Nc2 {[%clk 1:11:44]} Bf5 {[%clk 0:33:46]} 32. Nxf5
{[%clk 1:11:39]} Nxf5 {[%clk 0:32:40]} 33. Re1 {[%clk 1:11:17]} Rc5
{[%clk 0:32:41]} 34. Rc1 {[%clk 1:09:26]} Rd5 {[%clk 0:31:09]} 35. b4
{[%clk 1:08:14]} axb4 {[%clk 0:19:01]} 36. Nxb4 {[%clk 1:08:35]} Rb5
{[%clk 0:19:20]} 37. Rc4 {[%clk 1:08:31]} Nd6 {[%clk 0:18:43]} 38. Rh4
{[%clk 1:08:23]} e4 {[%clk 0:17:26]} 39. a3 {[%clk 1:08:26]} exf3
{[%clk 0:17:46]} 40. Rf4 {[%clk 1:38:19]} Rf5 {[%clk 0:47:38]} 41. Rxf5
{[%clk 1:38:35]} gxf5 {[%clk 0:47:09]} 42. Nd3 {[%clk 1:38:43]} Ne4
{[%clk 0:46:47]} 43. Kc2 {[%clk 1:38:39]} f2 {[%clk 0:47:06]} 44. Nxf2
{[%clk 1:38:45]} Nxf2 {[%clk 0:47:35]} 45. a4 {[%clk 1:39:08]} Ne4
{[%clk 0:47:47]} 46. a5 {[%clk 1:39:30]} Nc5 {[%clk 0:47:58]} 47. Kd1
{[%clk 1:39:36]} Kg7 {[%clk 0:48:11]} 48. Ke2 {[%clk 1:39:57]} Kg6
{[%clk 0:48:36]} 49. h4 {[%clk 1:40:04]} Kh5 {[%clk 0:49:04]} 50. Kf3
{[%clk 1:40:11]} Kxh4 {[%clk 0:49:07]} 51. Kf4 {[%clk 1:40:35]} Ne6+
{[%clk 0:48:25]} 52. Kxf5 {[%clk 1:40:51]} Nxg5 {[%clk 0:48:43]} 53. Kf6
{[%clk 1:40:42]} Ne6 {[%clk 0:49:08]} 54. Kxf7 {[%clk 1:40:24]} Nc7
{[%clk 0:49:33]} 55. Ke7 {[%clk 1:40:26]} Kg4 {[%clk 0:49:28]} 56. Kd7
{[%clk 1:40:43]} Na6 {[%clk 0:49:53]} 57. Kc6 {[%clk 1:40:35]} h5
{[%clk 0:50:14]} 58. Kb6 {[%clk 1:40:57]} Nb4 {[%clk 0:50:22]} 59. Kb5
{[%clk 1:40:56]} h4 {[%clk 0:50:46]} 0-1

[Event "George Trundle NZ Reserves 2017"]
[Site "Auckland, NZL"]
[Date "2017.10.08"]
[Round "9.5"]
[White "Wang, Aaron Ziwen"]
[Black "Mukkattu, Philip"]
[Result "0-1"]
[BlackElo "1676"]
[WhiteElo "1530"]
[LiveChessVersion "1.4.8"]

1. c4 {[%clk 1:30:52]} c5 {[%clk 1:30:56]} 2. Nc3 {[%clk 1:30:59]} Nf6
{[%clk 1:31:04]} 3. Nf3 {[%clk 1:31:21]} e6 {[%clk 1:31:16]} 4. g3
{[%clk 1:31:30]} d5 {[%clk 1:31:37]} 5. cxd5 {[%clk 1:31:36]} exd5
{[%clk 1:32:03]} 6. d4 {[%clk 1:31:16]} Nc6 {[%clk 1:31:52]} 7. Bg2
{[%clk 1:29:23]} cxd4 {[%clk 1:27:54]} 8. Nxd4 {[%clk 1:29:15]} Bc5
{[%clk 1:27:52]} 9. Nb3 {[%clk 1:28:43]} Bb4 {[%clk 1:26:32]} 10. Bd2
{[%clk 1:25:29]} O-O {[%clk 1:23:24]} 11. O-O {[%clk 1:23:02]} Be6
{[%clk 1:22:04]} 12. a3 {[%clk 1:20:48]} Be7 {[%clk 1:18:56]} 13. Be3
{[%clk 1:19:47]} b6 {[%clk 1:14:46]} 14. Bd4 {[%clk 1:15:14]} Qd7
{[%clk 1:02:49]} 15. Rb1 {[%clk 1:09:11]} Rad8 {[%clk 1:01:33]} 16. e3
{[%clk 1:05:37]} h6 {[%clk 0:48:38]} 17. Qe2 {[%clk 1:01:49]} Ne4
{[%clk 0:43:38]} 18. Nd2 {[%clk 0:52:15]} Bg4 {[%clk 0:37:50]} 19. f3
{[%clk 0:50:06]} Nxd4 {[%clk 0:37:18]} 20. exd4 {[%clk 0:48:35]} Nxc3
{[%clk 0:35:22]} 21. bxc3 {[%clk 0:47:59]} Bh5 {[%clk 0:31:21]} 22. Ra1
{[%clk 0:47:18]} Rfe8 {[%clk 0:30:44]} 23. Qa6 {[%clk 0:43:23]} Bg5
{[%clk 0:28:51]} 24. Nb3 {[%clk 0:35:36]} Re3 {[%clk 0:27:30]} 25. Rac1
{[%clk 0:31:48]} Bg6 {[%clk 0:25:12]} 26. Rfd1 {[%clk 0:29:35]} Rc8
{[%clk 0:19:05]} 27. f4 {[%clk 0:18:41]} Bh5 {[%clk 0:18:15]} 28. Rd2
{[%clk 0:17:53]} Bf6 {[%clk 0:15:41]} 29. Rb2 {[%clk 0:15:32]} Rcxc3
{[%clk 0:14:23]} 30. Rxc3 {[%clk 0:14:56]} Rxc3 {[%clk 0:14:45]} 31. a4
{[%clk 0:14:45]} Bg6 {[%clk 0:13:44]} 32. Qb5 {[%clk 0:13:32]} Qe6
{[%clk 0:08:29]} 33. Re2 {[%clk 0:10:49]} Be4 {[%clk 0:05:39]} 34. Nd2
{[%clk 0:09:33]} Bxd4+ {[%clk 0:05:50]} 35. Kf1 {[%clk 0:09:26]} Rc1+
{[%clk 0:04:42]} 36. Re1 {[%clk 0:09:50]} Rxe1+ {[%clk 0:04:28]} 37. Kxe1
{[%clk 0:10:05]} Bd3+ 0-1